header

Re-imagining Greek tragedy on the American stage (Record no. 97712)

MARC details
000 -LEADER
fixed length control field 01361nam a2200349Ia 4500
082 04 - DEWEY DECIMAL CLASSIFICATION NUMBER
Classification number 792.1/20973
100 1# - MAIN ENTRY--AUTHOR NAME
Personal name Foley, Helene P.,
245 10 - TITLE STATEMENT
Title Re-imagining Greek tragedy on the American stage
260 ## - PUBLICATION, DISTRIBUTION, ETC. (IMPRINT)
Place of publication Berkeley :
Name of publisher University of California Press,
Year of publication 2012.
300 ## - PHYSICAL DESCRIPTION
Number of Pages xv, 375 p. :
Other physical details ill.
490 1# - SERIES STATEMENT
Series statement Sather classical lectures ;
650 #0 - SUBJECT ADDED ENTRY--TOPICAL TERM
Topical Term Greek drama
Topical Term Theater
856 40 - ELECTRONIC LOCATION AND ACCESS
Uniform Resource Identifier http://site.ebrary.com/lib/rucke/Doc?id=10607268

No items available.

© 2026 Rongo University
Contact us: librarian | system librarian | Rongo university